Sudden Death - Super Bowl Winners #2 - Statistics

General Stats
  • This quiz has been taken 14 times
  • The average score is 3 of 12
Answers on the Grid
Answers color-coded by a green-red scale on the quiz's grid according to % correct below.
Johnny Hekker
Rob Havenstein
Jarrett Stidham
Lawrence Guy
Mark Rypien
Richard Dent
Mario Manningham
Hakeem Nicks
Bradley Pinion
Aaron Stinnie
Matt Corrall
Foyesade Oluokun
J.C. Jackson
John Johnson III
Jimmy Smith
Jim Kelly
Trevon Diggs
Stefon Diggs
Quandre Diggs
Fadil Diggs
Randy Moss
Matt Araiza
Arthur Juan Brown
Tyshun Samuel
Bishard Baker
 
Answer Stats
Answer % Correct
Mark Rypien
67%
Mario Manningham
58%
Hakeem Nicks
50%
Richard Dent
50%
Johnny Hekker
25%
Jarrett Stidham
17%
Jimmy Smith
8%
Lawrence Guy
8%
Aaron Stinnie
0%
Arthur Juan Brown
0%
Bradley Pinion
0%
Rob Havenstein
0%
No matching quizzes found
Score Distribution
Percent of People with Each Score
Percentile by Number Answered
Your Score History
You have not taken this quiz